01321cam a2200385 i 450000100060000000300090000600500170001500800390003201500170007102000150008804000280010304600090013108000190014008000110015908000120017010000220018224500800020426001220028430000420040633600270044833700540047533800280052938000160055738500460057338800210061950400360064065000120067665000120068865000290070065000260072965500300075565800280078565800240081385600980083730576KOSZ 00520201012133401.0980702s1995 pl a f f |001 0 pol aPB 1996/2324 a8304042762 aWA NcWA NdKOSZ 005/HR k1995 a621.1.01:536.7 a536.08 a(075.8)1 aTaler, JaneAutor10aTeoria i praktyka identyfikacji procesów przepływu ciepła /cJan Taler. aWrocław [etc.] :bZakład Narodowy imienia Ossolińskich ;a[Kraków] :bna zlec. Politechniki Krakowskiej,c1995. a410 s. :bfot., rys., wykr. ;c25 cm. 2rdacontentaTekstbtxt 2rdamediaaBez urządzenia pośredniczącegobn 2rdacarrieraWoluminbnc aKsiążki mPublikacje dydaktycvzneaPoziom nauczania aSzkoły wyższe aBibliogr. przy rozdz. - Indeks. 4aCiepło 4aPomiary 4aTermodynamika techniczna 4aPrzewodnictwo cieplne 4aPodręczniki akademickie aInżynieria i technika aFizyka i astronomia uhttp://koha.tu.koszalin.pl/cgi-bin/koha/opac-detail.pl?biblionumber=30576yKatalog online BPK